书目信息 |
| 题名: |
企业管理咨询案例分析
|
|
| 作者: | 《编写组编著企业管理咨询案例分析》 | |
| 分册: | 下 | |
| 出版信息: | 北京 企业管理出版社 2007.06 |
|
| 页数: | 277-525页 | |
| 开本: | 28cm | |
| 丛书名: | ||
| 单 册: | ||
| 中图分类: | F270 | |
| 科图分类: | ||
| 主题词: | 企业经济 | |
| 电子资源: | ||
| ISBN: | 978-7-80197-785-4 | |
| 000 | 00761nam0 2200217 45 | |
| 001 | 0961494191 | |
| 005 | 20091020104923.23 | |
| 010 | @a978-7-80197-785-4@dCNY98.00 | |
| 100 | @a20090515d2007 ekmy0 y0120 ea | |
| 102 | @aCN@b110000 | |
| 102 | @aCN@b130000 | |
| 105 | @ay z 000yy | |
| 200 | 1 | @a企业管理咨询案例分析@Aqi ye guan li zi xun an li fen xi@h下@f《编写组编著企业管理咨询案例分析》@F《bian xie zu bian zhu qi ye guan li zi xun an li fen xi》 |
| 210 | @a北京@c企业管理出版社@d2007.06 | |
| 215 | @a277-525页@d28cm | |
| 606 | 0 | @a企业经济 |
| 690 | @aF270@v4 | |
| 701 | 0 | @a《编写组编著企业管理咨询案例分析》@A《bian xie zu bian zhu qi ye guan li zi xun an li fen xi》 |
| 801 | 0 | @aCN@c20091020 |
| 905 | @a10447@dF270@eQ8801:2 | |
| 906 | @d98@n3@r1 | |
| 企业管理咨询案例分析.下/《编写组编著企业管理咨询案例分析》.-北京:企业管理出版社,2007.06 |
| 277-525页;28cm |
| ISBN 978-7-80197-785-4:CNY98.00 |
| ● |
| 相关链接 |
|
|
|
正题名:企业管理咨询案例分析
索取号:F270/Q8801:2
 
预约/预借
| 序号 | 登录号 | 条形码 | 馆藏地/架位号 | 状态 | 备注 |
| 1 | 655310 | 206553102 | 社科二线422/409社科库 84排3列1层/ [索取号:F270/Q8801:2] | 在馆 | |
| 2 | 655311 | 206553111 | 社科二线422/422社科库 26排3列1层/ [索取号:F270/Q8801:2] | 在馆 | |
| 3 | 655312 | 206553120 | 社科二线422/422社科库 26排3列1层/ [索取号:F270/Q8801:2] | 在馆 |